| 000 | 00862 a2200289 4500 | ||
|---|---|---|---|
| 003 | CBULib | ||
| 005 | 20260513145251.0 | ||
| 008 | 260128b |||||||| |||| 00| 0 eng d | ||
| 020 | _a9780761974925 | ||
| 040 |
_bEnglish _cCBULib _erda |
||
| 041 | _aeng | ||
| 050 | _aG 70 Key | ||
| 100 | _aClifford, Nicholas | ||
| 245 |
_aKey methods in Geography _c/ edited by Nicholas Clifford; Meghan Cope and Thomas W. Gillespie |
||
| 260 |
_bSAGE, _c2023 _aLondon : |
||
| 300 | _axxii, 572 pages : illustrations | ||
| 336 |
_2rdacontent _aText | _btxt |
||
| 337 |
_2rdamedia _aUnmediated | _bn |
||
| 338 |
_2rdacarrier _aVolume _bnc |
||
| 650 | 0 |
_92526 _aGEOGRAPHY |
|
| 650 | 0 |
_92879 _aRESEARCH |
|
| 650 | 0 |
_91077 _aMETHODOLOGY |
|
| 700 |
_95250 _aClifford, Nicholas |
||
| 700 |
_94909 _aCope, Meghan |
||
| 700 |
_94910 _aGillespie, Thomas W |
||
| 942 |
_2lcc _c002 |
||
| 999 |
_c86701 _d86701 |
||